00289nam a2200109Ia 4500008004100000100002400041245005600065250000800121260003400129300000800163650000800171191201s2000 xx 000 0 und d aDAHIYA,Shri Bhagwan 4aThe Current State of Business Disciplines Marketing a1st aRohtakbSpellbound Pub.c2000 a504 aMBA